| 000 | 00441nam a2200181Ia 4500 | ||
|---|---|---|---|
| 005 | 20250423101232.0 | ||
| 008 | 250422s9999 xx 000 0 und d | ||
| 020 | _a0-07-710813-2 | ||
| 050 | _aHD 30.22 .R53/ | ||
| 100 | _aRickard, Sean | ||
| 245 | 4 | _aThe economics of organizations and strategy | |
| 260 | _aLondon | ||
| 260 | _bMcGraw-Hill | ||
| 260 | _c2006 | ||
| 300 | _a573 p | ||
| 650 | _aEconomics organization | ||
| 942 | _cBK | ||
| 999 |
_c35700 _d35700 |
||